| 000 | 00491nam a2200157 i 4500 | ||
|---|---|---|---|
| 001 | 142203 | ||
| 003 | ES-MaACL | ||
| 005 | 20230906200453.0 | ||
| 007 | t| | ||
| 008 | 071003s1931 sp ||||1| spa d | ||
| 100 | 1 |
_aVillanueva, Francisco. _9115019 |
|
| 245 | 1 | 2 |
_a"¡No pasa nada!" _b: continuación de la crónica ¿Qué ha pasado aquí? / _cFrancisco Villanueva. |
| 260 |
_aMadrid : _b[s.n.], _c1931 ( _fSuc. de Félix Cruz) |
||
| 300 |
_a222 p. ; _c19 cm. |
||
| 852 |
_aES-MaACL _jE-1181 |
||
| 999 |
_c142203 _d142203 |
||